| 000 | 00348nam a2200133Ia 4500 | ||
|---|---|---|---|
| 008 | 240624s9999 xx 000 0 und d | ||
| 041 | _aeng | ||
| 082 | _a658.812 SUT | ||
| 100 | _aSUTTLE MARILYN | ||
| 245 | _aWHO S YOUR GLADYS HOW TO TURN EVEN THE M | ||
| 260 |
_c2009 _aNew York _bAMACOM |
||
| 300 | _axiii, : 224 : p. : cm. ; 23 | ||
| 365 |
_c _b28 |
||
| 999 |
_c22652 _d22652 |
||